000 00175nam a2200061Ia 4500
999 _c10539
_d10539
003 OSt
005 20230427090122.0
008 170523s9999 xx 000 0 und d
040 _cIIMT UNIVERSITY MEERUT
100 _aCHOPRA SUNIL
245 0 _aSUPPLY CHAIN MANAGEMENT
260 _aNEW DELHI
_bPEARSON
_c2010
300 _a555
942 _2ddc
_c02